PRACTICAL APPROACH TO INFERTILITY MANAGEMENT (Record no. 11324)

MARC details
000 -LEADER
fixed length control field 00360nam a22001577a 4500
003 - CONTROL NUMBER IDENTIFIER
control field SGT
020 ## - INTERNATIONAL STANDARD BOOK NUMBER
International Standard Book Number 81-8061-250-3
082 ## - DEWEY DECIMAL CLASSIFICATION NUMBER
Classification number 616.692
Item number P04B
100 ## - MAIN ENTRY--PERSONAL NAME
Personal name BANSAL, KANTHI,ED.
245 ## - TITLE STATEMENT
Title PRACTICAL APPROACH TO INFERTILITY MANAGEMENT
250 ## - EDITION STATEMENT
Edition statement 1ST
260 ## - PUBLICATION, DISTRIBUTION, ETC. (IMPRINT)
Place of publication, distribution, etc NEW DELHI
Name of publisher, distributor, etc JAYPEE PUB
Year of Publication 2004
300 ## - PAGE DESCRIPTION
No. of Pages 620
650 ## - SUBJECT ADDED ENTRY--TOPICAL TERM
Topical term or geographic name as entry element AYURVEDA
942 ## - ADDED ENTRY ELEMENTS (KOHA)
Source of classification or shelving scheme Dewey Decimal Classification
Koha item type Books
Holdings
Withdrawn status Lost status Source of classification or shelving scheme Damaged status Use restrictions Not for loan Collection code Home library Current library Shelving location Date acquired Vendor Name Cost, normal purchase price SGTU Bill Number Full call number Accession No. (Barcode) Date last seen Bill Date Koha item type
    Dewey Decimal Classification   Restricted Access   AYURVEDA SGT FA-FP Library SGT FA-FP Library Reference Book 27/03/2017 AHUJA PUB 2750.00 SGTU 7718 616.692 P04B FA5601 27/03/2017 11/02/2017 Books
    Dewey Decimal Classification   Restricted Access   AYURVEDA SGT FA-FP Library SGT FA-FP Library Reference Book 27/03/2017 AHUJA PUB 2750.00 SGTU 7718 616.692 P04B FA5602 27/03/2017 11/02/2017 Books